Memorandum To Parliament Submitted By Gloria Afua Akuffo (MISS) Attorney-General And Minister For Justice On Request For Approval For 1899 And The 1907 Conventions For The Pacific Settlement Of International Disputes In Order To Become A Contracting Party To The Permanent Court Of Arbitration, To Be Laid Before Parliament For Accession 2018 (Record no. 3079)

MARC details
000 -LEADER
fixed length control field 00973nam a2200145Ia 4500
008 - FIXED-LENGTH DATA ELEMENTS--GENERAL INFORMATION
fixed length control field 240429s9999||||xx |||||||||||||| ||und||
041 ## - LANGUAGE CODE
Language code of text/sound track or separate title eng
082 ## - DEWEY DECIMAL CLASSIFICATION NUMBER
Classification number PM/IDO/18
100 ## - MAIN ENTRY--PERSONAL NAME
Personal name Parliament of Ghana
245 #0 - TITLE STATEMENT
Title Memorandum To Parliament Submitted By Gloria Afua Akuffo (MISS) Attorney-General And Minister For Justice On Request For Approval For 1899 And The 1907 Conventions For The Pacific Settlement Of International Disputes In Order To Become A Contracting Party To The Permanent Court Of Arbitration, To Be Laid Before Parliament For Accession 2018
300 ## - PHYSICAL DESCRIPTION
Extent 8p
650 ## - SUBJECT ADDED ENTRY--TOPICAL TERM
Topical term or geographic name entry element Minister For Justice On Request For Approval For 1899 And The 1907 Conventions - Memorandum To Parliament Submitted By: Gloria Afua Akuffo (MISS) Attorney-General And - For The Pacific Settlement Of International Disputes In Order To Become A Contracting Party To The - Permanent Court Of Arbitration, To Be Laid Before Parliament For Accession 2018
942 ## - ADDED ENTRY ELEMENTS (KOHA)
Koha item type Memorandum
Holdings
Withdrawn status Lost status Damaged status Not for loan Home library Current library Shelving location Date acquired Total checkouts Full call number Date last seen Copy number Price effective from Koha item type
        Main Library Main Library Open Shelves 30/05/2023   PM/IDO/18 5991 C1 - PM/IDO/18 5992 C2 - PM/IDO/18 5993 C3 29/04/2024 1 29/04/2024 Memorandum
©2026  Parliament of Ghana Library - All rights reserved